Normal view
MARC view
Entry Personal Name
001 - CONTROL NUMBER
- control field: 3542
003 - CONTROL NUMBER IDENTIFIER
- control field: OSt
005 - DATE AND TIME OF LATEST TRANSACTION
- control field: 20190319110532.0
008 - FIXED-LENGTH DATA ELEMENTS
- fixed length control field: 190319|| aca||aabn | a|a d
040 ## - CATALOGING SOURCE
- Original cataloging agency: OSt
- Transcribing agency: OSt
100 ## - HEADING--PERSONAL NAME
- Personal name: India. Ministry of Labour, Labour Bureau
670 ## - SOURCE DATA FOUND
- Source citation: Work cat.: (OSt): India. Ministry of Labour, Labour Bureau, Statistics of factories 1975&196, 1983
